The Beatles - What is the album? - Statistics

General Stats
  • This quiz has been taken 1,933 times
  • The average score is 11 of 25
Answer Stats
Song Álbum % Correct
Come Together Abbey Road
95%
Taxman Revolver
94%
Something Abbey Road
92%
While My Guitar Gently Weeps White Album
92%
I'm Looking Through You Rubber Soul
65%
Norwegian Wood Rubber Soul
65%
If I Needed Someone Rubber Soul
64%
Here Comes The Sun Abbey Road
63%
Nowhere Man Rubber Soul
59%
Oh! Darling Abbey Road
58%
Help! Help!
49%
Think for Yourself Rubber Soul
40%
Twist and Shout Please Please Me
39%
Revolution Single
29%
Hello, Goodbye Magical Mystery Tour
25%
Don´t Let Me Down Single
24%
Rain Single
20%
I Am The Walrus Magical Mystery Tour
19%
Paperback Writer Single
19%
We Can Work It Out Single
15%
Hey Jude Single
15%
Helter Skelter White Album
15%
Hey Bulldog! Yellow Submarine
14%
Blue Jay Way Magical Mystery Tour
8%
Eight Days a Week Beatles For Sale
7%
No matching quizzes found
Score Distribution
Percent of People with Each Score
Percentile by Number Answered
Your Score History
You have not taken this quiz